[Event "Novokuznetsk-ch"]
[Site "Novokuznetsk"]
[Date "2016.05.07"]
[Round "7"]
[White "Vorobyova, Alyona"]
[Black "Shamne, Anton"]
[Result "1-0"]
[WhiteElo "1994"]
[BlackElo "2179"]
[PlyCount "91"]
[EventDate "2016.05.01"]
[EventType "swiss"]
[EventRounds "9"]
[EventCountry "RUS"]
[SourceTitle "CBM 172 Extra"]
[Source "ChessBase"]
[SourceDate "2016.06.21"]
[SourceVersion "1"]
[SourceVersionDate "2016.06.21"]
[SourceQuality "1"]

1. e4 e5 2. Nf3 d6 3. d4 exd4 4. Nxd4 Nf6 5. Nc3 Be7 6. Bc4 0-0 7. 0-0 a6 8. Re1 b5 9. Bd3 c5 10. Nf3 Nc6 11. a4 b4 12. Nd5 Be6 13. Nxe7+ Qxe7 14. Bg5 h6 15. Bh4 Ne5 16. Nxe5 dxe5 17. Qe2 a5 18. b3 g5 19. Bg3 Nd7 20. Rad1 f6 21. Bc4 Nb6 22. Bxe6+ Qxe6 23. Rd2 Rfc8 24. Red1 Rc6 25. Qh5 Kg7 26. f3 Ra7 27. Bf2 Rd7 28. Rxd7+ Nxd7 29. h4 Nf8 30. hxg5 hxg5 31. Rd5 Qe7 32. Qg4 Ne6 33. f4 exf4 34. e5 fxe5 35. Rxe5 Qf6 36. Qe2 Nd4 37. Bxd4 cxd4 38. Re7+ Kf8 39. Re8+ Kg7 40. Qh5 Rc7 41. Rh8 Qe5 42. Qh7+ Kf6 43. Rf8+ Ke6 44. Re8+ Kd6 45. Qxc7+ Kxc7 46. Rxe5 1-0

[Event "Novokuznetsk-ch"]
[Site "Novokuznetsk"]
[Date "2015.05.10"]
[Round "8"]
[White "Shamne, Anton"]
[Black "Storchak, Vitalij"]
[Result "1/2-1/2"]
[WhiteElo "2176"]
[BlackElo "2121"]
[PlyCount "22"]
[EventDate "2015.05.01"]
[EventType "swiss"]
[EventRounds "9"]
[EventCountry "RUS"]
[SourceTitle "CBM 166 Extra"]
[Source "ChessBase"]
[SourceDate "2015.06.18"]
[SourceVersion "1"]
[SourceVersionDate "2015.06.18"]
[SourceQuality "1"]

1. e4 a6 2. d4 d6 3. Nf3 e6 4. Bd3 Nd7 5. 0-0 g6 6. a4 Bg7 7. c3 Ne7 8. Re1 e5 9. Nbd2 0-0 10. Nf1 exd4 11. Nxd4 d5 1/2-1/2

[Event "Novokuznetsk-ch"]
[Site "Novokuznetsk"]
[Date "2015.05.05"]
[Round "5"]
[White "Nuzhdov, Vasiliy"]
[Black "Shamne, Anton"]
[Result "0-1"]
[WhiteElo "1952"]
[BlackElo "2176"]
[PlyCount "96"]
[EventDate "2015.05.01"]
[EventType "swiss"]
[EventRounds "9"]
[EventCountry "RUS"]
[SourceTitle "CBM 166 Extra"]
[Source "ChessBase"]
[SourceDate "2015.06.18"]
[SourceVersion "1"]
[SourceVersionDate "2015.06.18"]
[SourceQuality "1"]

1. e4 c5 2. Nf3 Nc6 3. Be2 Nf6 4. d3 g6 5. 0-0 Bg7 6. c3 0-0 7. Nbd2 Qb6 8. Nc4 Qc7 9. h3 d5 10. exd5 Nxd5 11. Bg5 Be6 12. Qd2 Rad8 13. Qc2 Nf4 14. Bxf4 Qxf4 15. Ne3 Qc7 16. Rfd1 h6 17. Bf1 f5 18. Qe2 Bf7 19. Qc2 e5 20. Be2 Nb8 21. Qa4 Nd7 22. Qc2 Nf6 23. a4 Nh5 24. Bf1 Nf4 25. a5 Qc6 26. Ne1 Qc8 27. c4 Ne6 28. Nf3 Nd4 29. Qa4 Be8 30. Qa2 Nxf3+ 31. gxf3 Rd4 32. Bg2 Bc6 33. Nd5 Qd8 34. Qb3 Kh7 35. Kf1 Qh4 36. Qa3 e4 37. Qxc5 exf3 38. Bxf3 Qxh3+ 39. Bg2 Qh4 40. Rab1 Rg4 41. d4 Re8 42. Rd2 Rxg2 43. Kxg2 Qg5+ 44. Kh2 Qxd2 45. Rf1 Re4 46. Qa3 Rh4+ 47. Kg2 Rg4+ 48. Kf3 Qxd4 0-1

[Event "Novokuznetsk-ch"]
[Site "Novokuznetsk"]
[Date "2015.05.03"]
[Round "3"]
[White "Sergeev, Albert"]
[Black "Shamne, Anton"]
[Result "1/2-1/2"]
[WhiteElo "2299"]
[BlackElo "2176"]
[PlyCount "48"]
[EventDate "2015.05.01"]
[EventType "swiss"]
[EventRounds "9"]
[EventCountry "RUS"]
[SourceTitle "CBM 166 Extra"]
[Source "ChessBase"]
[SourceDate "2015.06.18"]
[SourceVersion "1"]
[SourceVersionDate "2015.06.18"]
[SourceQuality "1"]

1. e4 c5 2. Nf3 Nc6 3. d4 cxd4 4. Nxd4 Nf6 5. Nc3 e5 6. Ndb5 d6 7. a4 a6 8. Na3 Be6 9. Bc4 Qb6 10. 0-0 Rc8 11. b3 Na5 12. Nd5 Qd8 13. Nxf6+ Qxf6 14. Bd5 Nc6 15. Nc4 Bxd5 16. Qxd5 Be7 17. f4 exf4 18. Bb2 Qh6 19. Qf5 0-0 20. Rxf4 Ne5 21. Nxe5 dxe5 22. Bxe5 Rxc2 23. Raf1 Qb6+ 24. Kh1 Qe6 1/2-1/2

[Event "Novokuznetsk-ch"]
[Site "Novokuznetsk"]
[Date "2015.05.02"]
[Round "2"]
[White "Shamne, Anton"]
[Black "Zavyalov, Mikhail"]
[Result "1-0"]
[WhiteElo "2176"]
[BlackElo "2162"]
[PlyCount "131"]
[EventDate "2015.05.01"]
[EventType "swiss"]
[EventRounds "9"]
[EventCountry "RUS"]
[SourceTitle "CBM 166 Extra"]
[Source "ChessBase"]
[SourceDate "2015.06.18"]
[SourceVersion "1"]
[SourceVersionDate "2015.06.18"]
[SourceQuality "1"]

1. e4 c5 2. Nf3 e6 3. d4 cxd4 4. Nxd4 Nc6 5. Nc3 a6 6. Nxc6 bxc6 7. Bd3 d6 8. 0-0 Nf6 9. Qe2 Be7 10. Rd1 d5 11. Re1 0-0 12. e5 Nd7 13. b3 a5 14. Bb2 Nc5 15. Ba3 g6 16. Bxc5 Bxc5 17. Na4 Be7 18. c4 c5 19. cxd5 exd5 20. Rac1 Qc7 21. Qe3 Rd8 22. Nxc5 d4 23. Qf3 Qa7 24. Ne4 Ba6 25. Bc4 Bxc4 26. Rxc4 d3 27. Rd1 Qd7 28. h4 a4 29. Nd6 Bxd6 30. Rd4 axb3 31. Rxd6 Qe7 32. axb3 Qxe5 33. Rxd8+ Rxd8 34. Rxd3 Qe1+ 35. Kh2 Rxd3 36. Qxd3 Qxf2 37. Qc4 h5 38. b4 Qd2 39. Qe4 Qd6+ 40. Kg1 f5 41. Qc4+ Kg7 42. b5 f4 43. Qc3+ Kh7 44. Qb3 Qd4+ 45. Kf1 Qa1+ 46. Ke2 Qe5+ 47. Kf3 Qf5 48. Kf2 Qg4 49. Qf7+ Kh6 50. Qf8+ Kh7 51. Qe7+ Kg8 52. Qg5 Qe6 53. Qc5 Qg4 54. Qg5 Qe6 55. Kf1 Qe4 56. Qd8+ Kf7 57. Qc7+ Kf8 58. Qd6+ Kf7 59. Qc6 Qd3+ 60. Ke1 Qg3+ 61. Ke2 Qg4+ 62. Kd3 Qxh4 63. b6 Qd8+ 64. Kc4 Qd2 65. Qd5+ Qxd5+ 66. Kxd5 1-0

[Event "Novokuznetsk-ch"]
[Site "Novokuznetsk"]
[Date "2014.12.07"]
[Round "7"]
[White "Shamne, Anton"]
[Black "Chistyakov, Nikita"]
[Result "1-0"]
[WhiteElo "2143"]
[BlackElo "1998"]
[PlyCount "111"]
[EventDate "2014.11.16"]
[EventType "swiss"]
[EventRounds "9"]
[EventCountry "RUS"]
[SourceTitle "EXT 2016"]
[Source "ChessBase"]
[SourceDate "2015.10.08"]
[SourceVersion "1"]
[SourceVersionDate "2015.10.08"]
[SourceQuality "1"]

1. e4 g6 2. d4 c6 3. Nd2 d5 4. Ngf3 Bg7 5. c3 Nh6 6. h3 f6 7. Bd3 Nf7 8. 0-0 0-0 9. Re1 e5 10. dxe5 fxe5 11. Qe2 Nd7 12. b3 b6 13. Ba3 Re8 14. Rad1 Bb7 15. Ba6 Qc8 16. Bxb7 Qxb7 17. Nf1 Nf6 18. Ng3 dxe4 19. Nxe4 Nxe4 20. Qxe4 Qa6 21. Qa4 Qxa4 22. bxa4 c5 23. Nd2 Nd6 24. f3 e4 25. Nxe4 Nxe4 26. Rxe4 Rxe4 27. fxe4 Bxc3 28. Rd7 Bd4+ 29. Kf1 Rf8+ 30. Ke1 Rf7 31. Rd8+ Kg7 32. Bc1 Re7 33. Kd1 Bf6 34. Ra8 g5 35. e5 Bxe5 36. Bxg5 Rf7 37. Ke2 Kg6 38. Bd2 Bd4 39. Kd3 Kh5 40. a5 Kh4 41. Be1+ Kh5 42. a6 Re7 43. Bd2 Rd7 44. Kc4 Be5 45. Be3 Kh4 46. Bf2+ Kg5 47. a4 Kf6 48. a5 bxa5 49. Bxc5 Rc7 50. Rxa7 Rxa7 51. Bxa7 Kf5 52. Bd4 Bb8 53. Kb5 Ke4 54. Bf2 Kd3 55. Kxa5 Ke2 56. Kb6 1-0

[Event "Novokuznetsk-ch"]
[Site "Novokuznetsk"]
[Date "2014.12.06"]
[Round "6"]
[White "Polyanskiy, Vladimir"]
[Black "Shamne, Anton"]
[Result "1/2-1/2"]
[WhiteElo "2179"]
[BlackElo "2143"]
[PlyCount "51"]
[EventDate "2014.11.16"]
[EventType "swiss"]
[EventRounds "9"]
[EventCountry "RUS"]
[SourceTitle "EXT 2016"]
[Source "ChessBase"]
[SourceDate "2015.10.08"]
[SourceVersion "1"]
[SourceVersionDate "2015.10.08"]
[SourceQuality "1"]

1. Nc3 e5 2. Nf3 Nc6 3. d4 exd4 4. Nxd4 Nf6 5. Bg5 Be7 6. Nf5 0-0 7. Nxe7+ Nxe7 8. Bxf6 gxf6 9. e3 d6 10. Bd3 Ng6 11. Qh5 Re8 12. 0-0-0 Re5 13. Qf3 Rb8 14. h4 h5 15. Qg3 Kh7 16. Rhe1 Be6 17. f4 Rc5 18. e4 Bg4 19. Rd2 c6 20. e5 f5 21. exd6 Qf6 22. Qe3 b6 23. g3 Rd8 24. Bf1 Rxd6 25. Rxd6 Qxd6 26. Bg2 1/2-1/2

[Event "Novokuznetsk Kustov op"]
[Site "Novokuznetsk"]
[Date "2014.10.26"]
[Round "9"]
[White "Shamne, Anton"]
[Black "Polyanskiy, Vladimir"]
[Result "0-1"]
[WhiteElo "2163"]
[BlackElo "2147"]
[PlyCount "114"]
[EventDate "2014.09.28"]
[EventType "swiss"]
[EventRounds "9"]
[EventCountry "RUS"]
[SourceTitle "EXT 2018"]
[Source "ChessBase"]
[SourceDate "2017.10.13"]
[SourceVersion "1"]
[SourceVersionDate "2017.10.13"]
[SourceQuality "1"]

1. e4 Nc6 2. Nf3 d6 3. d4 Nf6 4. Nc3 g6 5. Be2 Bg7 6. 0-0 0-0 7. h3 a6 8. Bg5 h6 9. Be3 e5 10. Qd2 Kh7 11. Rad1 Qe7 12. dxe5 dxe5 13. Nd5 Nxd5 14. exd5 Nb8 15. b4 Nd7 16. Ne1 f5 17. f3 Rd8 18. c4 Nf6 19. Nd3 f4 20. Bf2 b5 21. Nc5 Bf5 22. Rfe1 bxc4 23. Bxc4 Nxd5 24. Bxd5 c6 25. Qxf4 cxd5 26. g4 Bc2 27. Rc1 g5 28. Qg3 Bg6 29. Bd4 Re8 30. Rcd1 Qf6 31. Nd7 Qd6 32. Nxe5 Re6 33. Bc5 Qc7 34. Rxd5 Rae8 35. Bd4 Qb7 36. Rc5 Qxb4 37. Rd1 Rxe5 38. Rxe5 Rxe5 39. Bxe5 Qc5+ 40. Qf2 Qxe5 41. Kg2 a5 42. Rd7 Be8 43. Rd8 Bg6 44. Qd2 a4 45. Ra8 Qb5 46. Ra5 Qc6 47. Rd5 a3 48. Ra5 Bf8 49. Ra7+ Kg8 50. Qe2 Qc2 51. Qxc2 Bxc2 52. Rd7 Bb1 53. Rd2 Bg7 54. h4 gxh4 55. f4 Bb2 56. Kh3 Bxa2 57. Kxh4 Bf7 0-1

[Event "Novokuznetsk Kustov op"]
[Site "Novokuznetsk"]
[Date "2014.10.19"]
[Round "7"]
[White "Shamne, Anton"]
[Black "Kotenko, Vadim"]
[Result "1-0"]
[WhiteElo "2163"]
[BlackElo "2014"]
[PlyCount "95"]
[EventDate "2014.09.28"]
[EventType "swiss"]
[EventRounds "9"]
[EventCountry "RUS"]
[SourceTitle "EXT 2018"]
[Source "ChessBase"]
[SourceDate "2017.10.13"]
[SourceVersion "1"]
[SourceVersionDate "2017.10.13"]
[SourceQuality "1"]

1. e4 c5 2. Nf3 d6 3. d4 cxd4 4. Nxd4 Nf6 5. Nc3 Nc6 6. Be2 Bd7 7. Be3 Nxd4 8. Qxd4 g6 9. 0-0-0 Bg7 10. f3 0-0 11. Qd2 Qa5 12. Kb1 Rfe8 13. g4 Rac8 14. Bd4 b5 15. Nxb5 Qxd2 16. Rxd2 a6 17. Na3 Bh6 18. Rdd1 Rc6 19. Nc4 e5 20. Be3 Bxe3 21. Nxe3 Be6 22. h4 Rb8 23. h5 a5 24. hxg6 fxg6 25. a4 Rbb6 26. Bb5 Rc5 27. g5 Nh5 28. Nd5 Bxd5 29. Rxd5 Rxd5 30. Bc4 Nf4 31. Rd1 Kg7 32. Bxd5 Nh3 33. Rf1 Nxg5 34. f4 exf4 35. Rxf4 h5 36. Ka2 Ra6 37. Ka3 Nh3 38. Rf7+ Kh6 39. c3 g5 40. b4 Nf4 41. Bb7 axb4+ 42. cxb4 Ra7 43. b5 h4 44. b6 Ra5 45. Bc6 Ra6 46. b7 Rb6 47. Rf8 g4 48. Rxf4 1-0

[Event "Novokuznetsk Kustov op"]
[Site "Novokuznetsk"]
[Date "2014.10.18"]
[Round "6"]
[White "Bogachev, Alexandr"]
[Black "Shamne, Anton"]
[Result "0-1"]
[WhiteElo "2040"]
[BlackElo "2163"]
[PlyCount "80"]
[EventDate "2014.09.28"]
[EventType "swiss"]
[EventRounds "9"]
[EventCountry "RUS"]
[SourceTitle "EXT 2018"]
[Source "ChessBase"]
[SourceDate "2017.10.13"]
[SourceVersion "1"]
[SourceVersionDate "2017.10.13"]
[SourceQuality "1"]

1. d4 d5 2. c4 dxc4 3. Nc3 Nf6 4. Nf3 a6 5. a4 Nc6 6. a5 Bf5 7. e3 e6 8. Bxc4 Bb4 9. 0-0 0-0 10. Bd2 Bxa5 11. Ne5 Nxe5 12. dxe5 Bxc3 13. Bxc3 Ne4 14. Bb4 c5 15. Bc3 b5 16. Be2 Nxc3 17. bxc3 Be4 18. f3 Bb7 19. Qxd8 Rfxd8 20. Rfd1 Kf8 21. e4 Ke7 22. Kf2 Rxd1 23. Bxd1 Kd7 24. Bc2 Kc7 25. Ke3 Rd8 26. h4 Kb6 27. g4 a5 28. f4 b4 29. f5 c4 30. cxb4 axb4 31. Ra4 Kc5 32. Ra7 b3 33. Bb1 Kb6 34. Ra4 Ba6 35. g5 Rd1 36. h5 g6 37. Ba2 Rd3+ 38. Kf4 bxa2 39. Rxa2 c3 40. Rh2 Rd2 0-1

[Event "Novokuznetsk Kustov op"]
[Site "Novokuznetsk"]
[Date "2014.10.12"]
[Round "5"]
[White "Shamne, Anton"]
[Black "Kolesnikov, Oleg"]
[Result "1-0"]
[WhiteElo "2163"]
[BlackElo "1953"]
[PlyCount "123"]
[EventDate "2014.09.28"]
[EventType "swiss"]
[EventRounds "9"]
[EventCountry "RUS"]
[SourceTitle "EXT 2018"]
[Source "ChessBase"]
[SourceDate "2017.10.13"]
[SourceVersion "1"]
[SourceVersionDate "2017.10.13"]
[SourceQuality "1"]

1. e4 d5 2. exd5 Qxd5 3. Nc3 Qa5 4. d4 Bf5 5. Nf3 h6 6. Bc4 e6 7. 0-0 c6 8. Re1 Be7 9. Re5 Qd8 10. Rxf5 exf5 11. Bxf7+ Kxf7 12. Ne5+ Kf8 13. Ng6+ Ke8 14. Nxh8 Nf6 15. Bf4 Nbd7 16. Qd3 Nf8 17. Qxf5 Qd7 18. Qd3 Qe6 19. Ng6 Kf7 20. Nxe7 Qxe7 21. Qc4+ Qe6 22. Qxe6+ Nxe6 23. Be3 Rd8 24. Rd1 b5 25. Rd3 a6 26. Kf1 b4 27. Ne2 g5 28. Ke1 Ne4 29. Rb3 a5 30. f3 Nf6 31. c4 Nc7 32. a3 Na6 33. axb4 Nxb4 34. Kd2 c5 35. d5 Nd7 36. Ra3 Nb6 37. b3 N4xd5 38. cxd5 Rxd5+ 39. Ke1 Re5 40. Kf2 a4 41. bxa4 Nc4 42. Bc1 Nxa3 43. Bxa3 Ke6 44. Nc3 c4 45. g3 h5 46. f4 gxf4 47. gxf4 Ra5 48. Bb4 Ra8 49. Ke3 Kf5 50. Kd4 Kxf4 51. Kxc4 Rc8+ 52. Kd5 Kf3 53. a5 h4 54. a6 h3 55. a7 Kg2 56. Bd6 Rd8 57. Ke6 Rxd6+ 58. Kxd6 Kxh2 59. a8Q Kg1 60. Qf3 Kh2 61. Qf2+ Kh1 62. Ne4 1-0

[Event "Novokuznetsk-ch"]
[Site "Novokuznetsk"]
[Date "2014.05.04"]
[Round "4"]
[White "Shamne, Anton"]
[Black "Permyakov, Evgeniy"]
[Result "1/2-1/2"]
[WhiteElo "2177"]
[BlackElo "2125"]
[PlyCount "171"]
[EventDate "2014.05.01"]
[EventType "swiss"]
[EventRounds "9"]
[EventCountry "RUS"]
[SourceTitle "CBM 160 Extra"]
[Source "ChessBase"]
[SourceDate "2014.07.01"]
[SourceVersion "1"]
[SourceVersionDate "2014.07.01"]
[SourceQuality "1"]

1. e4 c6 2. d4 d5 3. Nc3 g6 4. h3 Bg7 5. Nf3 dxe4 6. Nxe4 Nd7 7. Bc4 Ndf6 8. Neg5 Nh6 9. 0-0 0-0 10. Qe2 Nd5 11. c3 Nf5 12. Re1 Qc7 13. Bb3 a5 14. a3 a4 15. Bc2 b6 16. g4 Ba6 17. Qd1 Nd6 18. Bxa4 h6 19. Ne4 f5 20. Nxd6 fxg4 21. Ne5 Qxd6 22. Bxc6 Bxe5 23. Bxa8 Bh2+ 24. Kh1 Rxa8 25. Qxg4 Bb7 26. Qg2 Bf4 27. Bxf4 Qxf4 28. c4 Rd8 29. Re4 Qf7 30. cxd5 Bxd5 31. Kg1 Qf6 32. Rae1 g5 33. Qg4 Rf8 34. R4e2 Rf7 35. Rf1 Bf3 36. Qc8+ Kg7 37. Re3 Qxd4 38. Qc3 Qxc3 39. bxc3 Bd5 40. Rb1 e6 41. Rb4 b5 42. Rxb5 Ra7 43. c4 Bxc4 44. Rb4 Bd5 45. a4 Rc7 46. Kf1 Rc1+ 47. Ke2 Ra1 48. Rc3 Kf6 49. h4 Kf5 50. hxg5 hxg5 51. Rc7 Ra2+ 52. Ke3 Ke5 53. Rc5 Ra3+ 54. Kd2 Ra2+ 55. Rc2 Ra3 56. Kc1 Ra1+ 57. Kb2 Ra2+ 58. Kb1 Ra3 59. Re2+ Kf5 60. Re3 Rxe3 61. fxe3 g4 62. Kc1 g3 63. Kd2 g2 64. Rb1 Kg4 65. e4 Bxe4 66. Re1 Kf3 67. Re3+ Kf2 68. Re2+ Kg3 69. Re1 Kf2 70. Re2+ Kf3 71. Re3+ Kf4 72. Re1 Kf3 73. Re3+ Kf2 74. Re2+ Kg3 75. Re1 Kf3 76. Re3+ Kf4 77. Re1 Bf3 78. a5 e5 79. a6 e4 80. a7 e3+ 81. Kd3 Bb7 82. Rg1 Ba6+ 83. Kd4 Bb7 84. Kd3 Bf3 85. Re1 Bb7 86. Rg1 1/2-1/2

[Event "Novokuznetsk Spring op"]
[Site "Novokuznetsk"]
[Date "2014.04.26"]
[Round "8"]
[White "Polyanskiy, Vladimir"]
[Black "Shamne, Anton"]
[Result "1/2-1/2"]
[WhiteElo "2146"]
[BlackElo "2177"]
[PlyCount "53"]
[EventDate "2014.03.29"]
[EventType "swiss"]
[EventRounds "9"]
[EventCountry "RUS"]
[SourceTitle "EXT 2015"]
[Source "ChessBase"]
[SourceDate "2014.11.20"]
[SourceVersion "1"]
[SourceVersionDate "2014.11.20"]
[SourceQuality "1"]

1. Nc3 Nf6 2. e4 e5 3. Nf3 Nc6 4. d4 exd4 5. Nxd4 Bb4 6. Nxc6 bxc6 7. Bd3 0-0 8. 0-0 d5 9. exd5 cxd5 10. Bg5 c6 11. Qf3 h6 12. Bxf6 Qxf6 13. Qxf6 gxf6 14. Ne2 Re8 15. Ng3 Re5 16. f4 Bc5+ 17. Kh1 Re3 18. Rfe1 Bg4 19. Rxe3 Bxe3 20. Rf1 Rb8 21. h3 Be6 22. b3 a5 23. Nf5 Bxf5 24. Bxf5 h5 25. g3 h4 26. Kg2 hxg3 27. Kxg3 1/2-1/2

[Event "Novokuznetsk Spring op"]
[Site "Novokuznetsk"]
[Date "2014.04.20"]
[Round "7"]
[White "Shamne, Anton"]
[Black "Golovina, Darya"]
[Result "1/2-1/2"]
[WhiteElo "2177"]
[BlackElo "2020"]
[PlyCount "26"]
[EventDate "2014.03.29"]
[EventType "swiss"]
[EventRounds "9"]
[EventCountry "RUS"]
[SourceTitle "EXT 2015"]
[Source "ChessBase"]
[SourceDate "2014.11.20"]
[SourceVersion "1"]
[SourceVersionDate "2014.11.20"]
[SourceQuality "1"]

1. e4 d5 2. exd5 Qxd5 3. Nc3 Qa5 4. d4 Nf6 5. Nf3 c6 6. Bc4 Bf5 7. Bd2 e6 8. Qe2 Bb4 9. 0-0-0 Nbd7 10. a3 Bxc3 11. Bxc3 Qc7 12. Ne5 Nxe5 13. dxe5 Nd5 1/2-1/2

[Event "Novokuznetsk-ch"]
[Site "Novokuznetsk"]
[Date "2013.12.14"]
[Round "8"]
[White "Shamne, Anton"]
[Black "Bychkov, Alexandr Alexey"]
[Result "1/2-1/2"]
[WhiteElo "2172"]
[BlackElo "2113"]
[PlyCount "21"]
[EventDate "2013.11.17"]
[EventType "swiss"]
[EventRounds "9"]
[EventCountry "RUS"]
[SourceTitle "EXT 2015"]
[Source "ChessBase"]
[SourceDate "2014.11.20"]
[SourceVersion "1"]
[SourceVersionDate "2014.11.20"]
[SourceQuality "1"]

1. d4 Nf6 2. c4 e6 3. Nc3 Bb4 4. e3 0-0 5. Bd3 d5 6. Nf3 c5 7. 0-0 Nc6 8. a3 Bxc3 9. bxc3 dxc4 10. Bxc4 Qc7 11. Bd3 1/2-1/2

[Event "Novokuznetsk Spring op"]
[Site "Novokuznetsk"]
[Date "2013.04.13"]
[Round "4"]
[White "Shamne, Anton"]
[Black "Spirin, Alexandr"]
[Result "0-1"]
[WhiteElo "2215"]
[BlackElo "1950"]
[PlyCount "60"]
[EventDate "2013.03.31"]
[EventType "swiss"]
[EventRounds "9"]
[EventCountry "RUS"]
[SourceTitle "EXT 2015"]
[Source "ChessBase"]
[SourceDate "2014.11.20"]
[SourceVersion "1"]
[SourceVersionDate "2014.11.20"]
[SourceQuality "1"]

1. c4 e5 2. Nc3 Nc6 3. e3 Nf6 4. Nf3 Bb4 5. Be2 0-0 6. 0-0 e4 7. Nd4 Qe7 8. d3 Bxc3 9. bxc3 exd3 10. Bxd3 Ne5 11. Re1 Nxd3 12. Qxd3 Ne4 13. Rb1 Nc5 14. Qd2 d6 15. f3 f5 16. Qe2 b6 17. Bb2 Qf7 18. Ba1 a5 19. Rbd1 Ba6 20. Nb5 Rae8 21. h3 Re5 22. Bb2 Na4 23. Ba1 Rfe8 24. Qd3 Nc5 25. Qd2 Qe7 26. Kh2 Bxb5 27. cxb5 Rxe3 28. Rxe3 Qxe3 29. Qxe3 Rxe3 30. c4 Re2 0-1

[Event "Novokuznetsk-ch"]
[Site "Novokuznetsk"]
[Date "2012.12.09"]
[Round "7"]
[White "Shamne, Anton"]
[Black "Karpov, Arkadiy"]
[Result "1-0"]
[WhiteElo "2194"]
[BlackElo "2047"]
[PlyCount "59"]
[EventDate "2012.11.18"]
[EventType "swiss"]
[EventRounds "9"]
[EventCountry "RUS"]
[SourceTitle "EXT 2014"]
[Source "ChessBase"]
[SourceDate "2013.11.20"]
[SourceVersion "1"]
[SourceVersionDate "2013.11.20"]
[SourceQuality "1"]

1. e4 c5 2. Nf3 d6 3. d4 cxd4 4. Nxd4 Nf6 5. Nc3 a6 6. Be2 e5 7. Nb3 Be7 8. g4 Be6 9. g5 Nfd7 10. h4 Nc6 11. f4 exf4 12. Bxf4 Nde5 13. Qd2 0-0 14. 0-0-0 Na5 15. Nd4 Nac4 16. Qe1 Qc7 17. Kb1 Rac8 18. Ka1 b5 19. Bc1 b4 20. Nd5 Bxd5 21. exd5 a5 22. h5 Qd7 23. Bf1 Rc5 24. Bh3 Qd8 25. g6 hxg6 26. hxg6 Nxg6 27. Ne6 Qe8 28. Qe2 Bf6 29. Qh5 Nxb2 30. Bxb2 1-0

[Event "Novokuznetsk-ch"]
[Site "Novokuznetsk"]
[Date "2012.11.25"]
[Round "3"]
[White "Storchak, Vitalij"]
[Black "Shamne, Anton"]
[Result "1/2-1/2"]
[WhiteElo "2087"]
[BlackElo "2194"]
[PlyCount "59"]
[EventDate "2012.11.18"]
[EventType "swiss"]
[EventRounds "9"]
[EventCountry "RUS"]
[SourceTitle "EXT 2014"]
[Source "ChessBase"]
[SourceDate "2013.11.20"]
[SourceVersion "1"]
[SourceVersionDate "2013.11.20"]
[SourceQuality "1"]

1. Nf3 d5 2. b3 Bg4 3. Bb2 Nd7 4. d4 e6 5. Nbd2 f5 6. e3 Bd6 7. Be2 Ngf6 8. Ne5 Bxe2 9. Qxe2 0-0 10. 0-0 c6 11. c4 Qc7 12. f4 Bb4 13. Nxd7 Qxd7 14. Nf3 Qe8 15. a3 Be7 16. Nd2 Kh8 17. Bc3 a5 18. c5 b5 19. cxb6 Qb8 20. Rab1 Qxb6 21. b4 axb4 22. Bxb4 Bxb4 23. Rxb4 Qa5 24. Rb3 c5 25. Rb5 Qxa3 26. Rxc5 Rfc8 27. Nb1 Qb4 28. Qd2 Qb6 29. Rxc8+ Rxc8 30. Rc1 1/2-1/2

[Event "Novokuznetsk-ch"]
[Site "Novokuznetsk"]
[Date "2012.11.24"]
[Round "2"]
[White "Shamne, Anton"]
[Black "Morozov, Vasiliy"]
[Result "1-0"]
[WhiteElo "2194"]
[BlackElo "2047"]
[PlyCount "117"]
[EventDate "2012.11.18"]
[EventType "swiss"]
[EventRounds "9"]
[EventCountry "RUS"]
[SourceTitle "EXT 2014"]
[Source "ChessBase"]
[SourceDate "2013.11.20"]
[SourceVersion "1"]
[SourceVersionDate "2013.11.20"]
[SourceQuality "1"]

1. e4 e6 2. d4 d5 3. e5 c5 4. c3 Nc6 5. Nf3 Bd7 6. dxc5 Bxc5 7. Bd3 Nge7 8. 0-0 Ng6 9. Qe2 0-0 10. h4 Be7 11. h5 Nh4 12. Nbd2 f5 13. exf6 Nxf3+ 14. Nxf3 Bxf6 15. Bc2 Ne7 16. g4 g6 17. Bh6 Rf7 18. g5 Bh8 19. hxg6 Nxg6 20. Bxg6 hxg6 21. Qd3 Rf5 22. Nh4 Rxg5+ 23. Bxg5 Qxg5+ 24. Qg3 Qxg3+ 25. fxg3 Kg7 26. Rae1 g5 27. Nf5+ Kf6 28. Ne3+ Kg6 29. Ng4 Bb5 30. Rxe6+ Kh5 31. Nf6+ Bxf6 32. Rfxf6 Kg4 33. Re5 Rh8 34. Rg6 Rh5 35. Kg2 Bc6 36. b4 d4+ 37. Rxc6 bxc6 38. Re4+ Kf5 39. Rxd4 Rh6 40. Kf3 Rh2 41. a4 Rc2 42. Rc4 g4+ 43. Ke3 Ke5 44. Rxc6 a5 45. Rc5+ Kd6 46. Kf4 axb4 47. cxb4 Rd2 48. Re5 Rf2+ 49. Ke3 Rf3+ 50. Kd4 Rxg3 51. a5 Rg1 52. Rg5 g3 53. Rg6+ Kc7 54. Kc5 g2 55. Rg7+ Kb8 56. Kb5 Kc8 57. a6 Kb8 58. Kb6 Kc8 59. a7 1-0

[Event "Novokuznetsk-ch"]
[Site "Novokuznetsk"]
[Date "2012.11.18"]
[Round "1"]
[White "Alimov, Alexander"]
[Black "Shamne, Anton"]
[Result "0-1"]
[WhiteElo "1958"]
[BlackElo "2194"]
[PlyCount "84"]
[EventDate "2012.11.18"]
[EventType "swiss"]
[EventRounds "9"]
[EventCountry "RUS"]
[SourceTitle "EXT 2014"]
[Source "ChessBase"]
[SourceDate "2013.11.20"]
[SourceVersion "1"]
[SourceVersionDate "2013.11.20"]
[SourceQuality "1"]

1. d4 Nf6 2. c4 g6 3. Nc3 d5 4. cxd5 Nxd5 5. e4 Nxc3 6. bxc3 Bg7 7. Bc4 0-0 8. Be3 c5 9. Ne2 Nc6 10. 0-0 cxd4 11. cxd4 Bg4 12. f3 Na5 13. Bd3 Be6 14. d5 Bxa1 15. Qxa1 f6 16. Qd4 Bf7 17. Rb1 b6 18. Ba6 Qd6 19. Bf4 e5 20. dxe6 Qxe6 21. Nc3 Rad8 22. Nd5 Rxd5 23. exd5 Qxd5 24. Qxd5 Bxd5 25. Rc1 Bxa2 26. Bh6 Ra8 27. Rc7 Bf7 28. Kf2 g5 29. Kg3 Nb3 30. h4 Nc5 31. Bb7 gxh4+ 32. Kxh4 Rb8 33. Bc8 a5 34. Be3 Nb3 35. Bf5 a4 36. Bc2 a3 37. Ra7 Na5 38. Bd4 Nc6 39. Bxh7+ Kxh7 40. Rxf7+ Kg8 41. Rd7 Nxd4 42. Rxd4 Ra8 0-1

[Event "Novokuznetsk-ch HL"]
[Site "Novokuznetsk"]
[Date "2012.05.03"]
[Round "4"]
[White "Shamne, Anton"]
[Black "Sergeev, Albert"]
[Result "0-1"]
[WhiteElo "2183"]
[BlackElo "2318"]
[PlyCount "64"]
[EventDate "2012.04.30"]
[EventType "swiss"]
[EventRounds "8"]
[EventCountry "RUS"]
[SourceTitle "EXT 2013"]
[Source "ChessBase"]
[SourceDate "2012.11.22"]
[SourceVersion "1"]
[SourceVersionDate "2012.11.22"]
[SourceQuality "1"]

1. e4 c5 2. Nc3 Nc6 3. f4 g6 4. Nf3 Bg7 5. Bc4 e6 6. f5 Nge7 7. fxe6 fxe6 8. 0-0 d5 9. Bb3 c4 10. Ba4 d4 11. Ne2 d3 12. cxd3 cxd3 13. Nf4 0-0 14. Ng5 Qd4+ 15. Kh1 h6 16. Ngxe6 Bxe6 17. Bxc6 Rxf4 18. Rxf4 Nxc6 19. a4 Ne5 20. Ra3 g5 21. Rf1 Ng4 22. Qe1 Rf8 23. Rf3 Nf2+ 24. Kg1 Nxe4+ 25. Kh1 Bc4 26. b3 Bd5 27. Rxf8+ Bxf8 28. Ra2 Nf2+ 29. Kg1 Nh3+ 30. Kh1 Qg4 31. Qf1 Bxg2+ 32. Qxg2 Qd1+ 0-1